Score 0/50 Timer 05:00
4 Plays Today
% Correct
Michelle
94.4%
Kate
93.6%
Amy
93.6%
Nicole
93.2%
Ellen
93%
Jennifer
92.6%
Jane
92.4%
Sandra
92.2%
Mary
92.2%
Lindsay
91.8%
Carrie
91.5%
Tina
91.1%
Jessica
91.1%
Sarah
90.6%
Susan
90.1%
Margaret
90.1%
Judy
89.7%
Marilyn
89.7%
Helen
89.4%
Shirley
89.3%
Kelly
88.6%
Marie
88.1%
Nancy
87.4%
Anna
86.7%
Diane
86.4%
% Correct
Lucy
86.1%
Lisa
85.7%
Emma
85.6%
Joan
84.4%
Elizabeth
84.3%
Erin
81.1%
Sharon
81.1%
Julie
80.7%
Amanda
80.5%
Barbara
78.5%
Sally
76.9%
Linda
75.9%
Rita
74.2%
Rachel
73.3%
Annette
71.9%
Martha
69.3%
Karen
65.5%
Bonnie
63.5%
Carole
63.2%
Abigail
62.7%
Pam
61.2%
Dorothy
56.1%
Ruth
54.7%
Eve
49.4%
Louise
42.2%
Remove Ads.
Support Sporcle.
Get the best of Sporcle when you Go Orange. This ad-free experience offers more features, more stats, and more fun while also helping to support Sporcle. Thank you for becoming a member.

You're not logged in!

Compare scores with friends on all Sporcle quizzes.
OR
Log In

Sporcle TV

Today on Sporcle TV


Watch our educational content, quiz creation guides, and fun videos on Sporcle TV.

Show Comments

Extras

Top Quizzes Today


Score Distribution

Paid Content

Your Account Isn't Verified!

In order to create a playlist on Sporcle, you need to verify the email address you used during registration. Go to your Sporcle Settings to finish the process.

Report this User

Report this user for behavior that violates our Community Guidelines.

Details: